000 00807nam a2200289 a 4500
001 000039188
003 DO-SdBNP
005 20250115123117.0
007 ta
008 250115s19? pr 000 j spa d
040 _aDO-SdBNP
_bspa
_cBNPHU
_erda
041 _hspa
082 _axxx
_bA946
_222
100 _910813
245 1 0 _aAvanzar :
_bguía para la práctica de la lecto-escritura
250 _a2da.edición
264 _aSanto Domingo :
_bDe Colores,
_cfecha no identificada
300 _a64 páginas ;
_c28 cm.
336 _ardacontent
_btexto
_2txt
337 _ardamedia
_bsin mediación
_2n
338 _ardacarrier
_bvolumen
_2nc
590 _aInventariado, 2025/DG
650 0 _aCuentos dominicanos
_9176
650 0 _aLiteratura dominicana.
_967
910 _aDG
942 _2ddc
_cLBS1
999 _c58064
_d58064